Online Catalogue and eLibrary

Religious fundamentalism in Asia (Record no. 1308)

MARC details
000 -LEADER
fixed length control field 00427nam a2200169Ia 4500
005 - DATE AND TIME OF LATEST TRANSACTION
control field 20240718083115.0
008 - FIXED-LENGTH DATA ELEMENTS--GENERAL INFORMATION
fixed length control field 240331s9999 xx 000 0 und d
020 ## - INTERNATIONAL STANDARD BOOK NUMBER
ISBN 812120481X
082 ## - DDC Classification
Class No. 200.5
Item Number - Author Mark REL
245 #0 - TITLE STATEMENT
Title Religious fundamentalism in Asia
260 ## - PUBLICATION, DISTRIBUTION, ETC.
Place of publication, distribution, etc. New Delhi
Name of publisher, distributor, etc. Gyan Publishing House
Date of publication, distribution, etc. 1994
300 ## - PHYSICAL DESCRIPTION
Extent (e.g. Volumes, Pages etc.) xiv, 294 p .,
650 ## - SUBJECT ADDED ENTRY--TOPICAL TERM
Topical term or geographic name entry element Religion
650 ## - SUBJECT ADDED ENTRY--TOPICAL TERM
Topical term or geographic name entry element Sociology
700 ## - ADDED ENTRY--PERSONAL NAME
Personal name Chopra, V D.
Relator term (Role) Editor
942 ## - Koha item type (Biblio)
Koha item type Books in Stacks (Lending)
Holdings
Lost status Damaged status Collection code Home library Current library Shelving location Date acquired Full call number Accession Number Item type
    Lending WERC Library WERC Library Social Science Cupboard 03/31/2024 200.5 REL 3923 Books in Stacks (Lending)

© WERC Library